Potřebujeme filosofii přežití? úvahy o filosofii, kultuře, poznání, vzdělání, řeči a popularizaci vědy

Na minha lista:
Detalhes bibliográficos
Autor principal: Šmajs, Josef
Formato: Livro
Idioma:tcheco
Publicado em: Brno Nakladatelství Doplněk 2008
Assuntos:
Tags: Adicionar Tag
Sem tags, seja o primeiro a adicionar uma tag!

MARC

LEADER 00000nam$a2200000$$$4500
001 0076994
005 20240313090258.5
020 |a 978-80-7239-221-6 
041 0 |a cze 
044 |a CZ 
245 1 0 |a Potřebujeme filosofii přežití?  |b úvahy o filosofii, kultuře, poznání, vzdělání, řeči a popularizaci vědy  |c Josef Šmajs 
264 1 |a Brno  |b Nakladatelství Doplněk  |c 2008 
300 |a 101 s. 
610 2 0 |a kultúra 
610 2 0 |a vzdelanie 
610 2 0 |a veda 
100 1 |a Šmajs, Josef